Statistics for No Doubt + Gwen Stefani Charting Songs (Billboard Hot 100)

Click here to take the quiz!

General Stats

  • This quiz has been taken 48 times
    (36 since last reset)
  • The average score is 10 of 27

Answer Stats

AlbumWeeks OnPeakArtist(s)Song% Correct
Love. Angel. Music. Baby.31 Weeks#1 (4 Weeks)Gwen StefaniHollaback Girl
86%
The Sweet Escape40 Weeks#2Gwen Stefani ft. AkonThe Sweet Escape
86%
Love. Angel. Music. Baby.27 Weeks#7Gwen Stefani ft. EveRich Girl
71%
Tragic Kingdom29 Weeks#23No DoubtJust a Girl
68%
Rock Steady20 Weeks#13No DoubtHella Good
54%
The Singles 1992 - 200328 Weeks#10No DoubtIt's My Life
50%
Scorpion33 Weeks#2Eve ft. Gwen StefaniLet Me Blow Ya Mind
46%
The Sweet Escape18 Weeks#6Gwen StefaniWind It Up
46%
Rock Steady20 Weeks#5No Doubt ft. Bounty KillerHey Baby
43%
Love. Angel. Music. Baby.20 Weeks#21Gwen StefaniLuxurious
36%
This Is What The Truth Feels Like5 Weeks#54Gwen StefaniMake Me Like You
32%
Rock Steady30 Weeks#3No Doubt ft. Lady ShawnUnderneath It All
32%
Love. Angel. Music. Baby.20 Weeks#47Gwen StefaniWhat You Waiting For?
32%
Non-Album Single6 Weeks#46Gwen StefaniBaby Don't Lie
29%
Love. Angel. Music. Baby.20 Weeks#13Gwen StefaniCool
29%
Fully Loaded: God's Country25 Weeks#18Blake Shelton Duet with Gwen StefaniNobody But You
29%
The Sweet Escape16 Weeks#54Gwen Stefani4 In The Morning
25%
Love. Angel. Music. Baby.8 Weeks#49Gwen StefaniCrash
25%
Body Language22 Weeks#32Blake Shelton ft. Gwen StefaniHappy Anywhere
25%
In My Mind8 Weeks#49Pharrell ft. Gwen StefaniCan I Have It Like That
21%
If I'm Honest1 Week#70Blake Shelton with Gwen StefaniGo Ahead and Break My Heart
21%
Southpaw2 Weeks#80Eminem ft. Gwen StefaniKings Never Die
21%
Push and Shove8 Weeks#34No DoubtSettle Down
21%
Return of Saturn13 Weeks#38No DoubtSimple Kind of Life
21%
This Is What The Truth Feels Like9 Weeks#52Gwen StefaniUsed To Love You
21%
Play32 Weeks#14Moby ft. Gwen StefaniSouth Side
18%
Rock Steady6 Weeks#62No DoubtRunning
14%

Score Distribution

Percentile by Number Answered

Percent of People with Each Score

Your Score History

You have not taken this quiz since the last reset